Praskajú steny Verejnej knižnice! rekonštrukcia električkovej trate na Hviezdoslavovej ohrozuje knižnicu Jána Bocatia

Bibliographic Details
Format: Article
Language:Slovak
PhysicalDescription:Fotogr.
ISSN:1339-7605
Subjects:
Online Access:http://issuu.com/kosicednes/docs/22_1_2015_web/1

MARC

LEADER 00000nab a2200000 a 4500
001 vtls010658208
003 SK-MaSNL
005 20260305013755.0
008 171108|2015 xo z||p 000 0 slo
038 |a KEVKJB 
040 |a KEVKJB  |b slo  |c KEVKJB  |e AACR2 
041 0 |a slo 
044 |a xo  |c SK 
080 |a 027.53  |2 2001 
245 0 0 |a Praskajú steny Verejnej knižnice!  |b rekonštrukcia električkovej trate na Hviezdoslavovej ohrozuje knižnicu Jána Bocatia  |c [autor] (ver) 
300 |b Fotogr. 
610 2 7 |a Verejná knižnica Jána Bocatia v Košiciach  |2 SNKKA  |9 29554 
650 0 7 |a knižnice  |2 SNKPH  |9 17965 
650 0 7 |a knižničné budovy  |2 SNKPH  |9 3035 
651 7 |a Košice (Slovensko)  |2 SNKPHgeo  |9 18694 
651 7 |a Hviezdoslavova ulica č. 5 (Košice, Slovensko)  |2 SNK  |9 1218435 
773 0 |t košice:dnes  |g Roč. 2, č. 14 (22.1.2015), s. [1]-2  |x 1339-7605 
852 |a KEVKJB  |b KIS3GCP 
856 4 1 |u http://issuu.com/kosicednes/docs/22_1_2015_web/1 
999 |c 3265896  |d 3267826